| 000 | 02103nam a22003494a 4500 | ||
|---|---|---|---|
| 001 | ebr10196176 | ||
| 003 | CaPaEBR | ||
| 006 | m u | ||
| 007 | cr cn||||||||| | ||
| 008 | 060526s2007 nyua sbf 001 0 eng | ||
| 010 | _z 2006017174 | ||
| 020 | _z0814473679 | ||
| 020 | _z9780814473672 | ||
| 040 |
_aCaPaEBR _cCaPaEBR |
||
| 035 | _a(OCoLC)71225510 | ||
| 050 | 1 | 4 |
_aHG4028.B2 _bT47 2007eb |
| 082 | 0 | 4 |
_a332.63/2042 _222 |
| 100 | 1 | _aThomsett, Michael C. | |
| 245 | 1 | 0 |
_aAnnual reports 101 _h[electronic resource] : _b[what the numbers and the fine print can reveal about the true health of a company] / _cMichael C. Thomsett. |
| 246 | 3 | _aAnnual reports one hundred and one | |
| 246 | 3 | _aAnnual reports one hundred one | |
| 260 |
_aNew York : _bAmerican Management Association, _cc2007. |
||
| 300 |
_aviii, 242 p. : _bill. |
||
| 500 | _aSubtitle from cover. | ||
| 504 | _aIncludes bibliographical references (p. 231-234) and index. | ||
| 505 | 0 | _aThe accounting dilemma: the gap in GAAP -- The basic financial statements: what your Mama didn't tell you about the balance sheet -- Essential ratios: rolling up your numerical sleeves -- What statements do not reveal: dirty little accounting secrets -- Footnotes, part one: an overview of the real disclosures -- Footnotes, part two: red flags you can find on your own -- Structure of the annual report: a public relations document -- The auditing role: accounting culture and the audit mentality -- How the numbers are manipulated: accounting shell games -- Sources of free information: you don't need to pay for help -- Modifying your game plan: a new form of portfolio management. | |
| 533 |
_aElectronic reproduction. _bPalo Alto, Calif. : _cebrary, _d2013. _nAvailable via World Wide Web. _nAccess may be limited to ebrary affiliated libraries. |
||
| 650 | 0 |
_aCorporation reports _xEvaluation _vHandbooks, manuals, etc. |
|
| 655 | 7 |
_aElectronic books. _2local |
|
| 710 | 2 | _aebrary, Inc. | |
| 856 | 4 | 0 |
_uhttp://site.ebrary.com/lib/rucke/Doc?id=10196176 _zAn electronic book accessible through the World Wide Web; click to view |
| 999 |
_c115991 _d115991 |
||